• 首页
  • 本馆介绍
  • 公告通知
  • 最新文献
  • 馆藏检索
  • 电子资源
  • 读者导购
  • 参考咨询
  • 我的图书馆
  • 登录
  • 详细信息显示
  • 放入我的书架
  • 预约/预借图书
  • 作者相关作品
  • 分类相关作品
  • 丛书相关作品
  • 出版社相关作品

书目信息

  • 表格格式
  • 工作单格式
  • 卡片格式
题名:
四级阅读翻译简答600题
    
 
作者: 张雪梅 主编
分册:  
出版信息: 大连   大连理工大学出版社  2003
页数: 276页
开本: 20cm
丛书名: 四六级考试专项集训
单 册:
中图分类: H310.42 , H315.9
科图分类:
主题词: 英语--阅读教学--高等学校--教学参考资料 , 英语--翻译--高等学校--教学参考资料 , 英语 , 阅读教学 , 翻译
电子资源:
ISBN: 7-5611-1237-8
000 01157oam2 2200349 450
001 1236019266
005 20121012100120.67
010    @a7-5611-1237-8@dCNY11.00
100    @a20031028d2003 em y0chiy50 ea
101 0  @achi@aeng
102    @aCN@b110000
105    @ay q 000yy
200 1  @a四级阅读翻译简答600题@Asi ji yue du fan yi jian da 600 ti@f张雪梅主编
205    @a5版
210    @a大连@c大连理工大学出版社@d2003
215    @a276页@d20cm
225 1  @a四六级考试专项集训
304    @a大学英语教学与考试命题研究组组编
307    @a另配磁带
330    @a本书包括两部分:四级考试复习路径导引,又分为四级考试核心知识点解读、专项题型强化训练两章;四级考试模拟考场,包括十套测试题、参考答案与注释。
461  0 @12001 @a四六级考试专项集训
510 1  @aReading Translation Short Answer Questions@zeng
606 0  @a英语@x阅读教学@x高等学校@j教学参考资料
606 0  @a英语@x翻译@x高等学校@j教学参考资料
606 0  @a英语
606 0  @a阅读教学
606 0  @a翻译
690    @aH310.42@v4
690    @aH315.9@v4
701  0 @a张雪梅@Azhang xue mei@c(英语)@4主编
801  0 @aCN@bNLC@c20101222
905    @a10447@dH310.42@eJY590
    
    四级阅读翻译简答600题/张雪梅主编.-5版.-大连:大连理工大学出版社,2003
    276页;20cm.-(四六级考试专项集训)
    
    
    ISBN 7-5611-1237-8:CNY11.00
    本书包括两部分:四级考试复习路径导引,又分为四级考试核心知识点解读、专项题型强化训练两章;四级考试模拟考场,包括十套测试题、参考答案与注释。
●
相关链接 在E读中查询图书 在五车中查询图书 在当当中查询图书 在豆瓣中查询图书


正题名:四级阅读翻译简答600题     索取号:H310.42/JY590         预约/预借

序号 登录号 条形码 馆藏地/架位号 状态 备注
1 7820616   278206166   学院路分馆/ [索取号:H310.42/JY590] 在馆    
2 7820617   278206175   学院路分馆/ [索取号:H310.42/JY590] 在馆    
3 7820618   278206184   学院路分馆/ [索取号:H310.42/JY590] 在馆    
4 7820619   278206193   学院路分馆/ [索取号:H310.42/JY590] 在馆    
5 7820620   278206200   学院路分馆/ [索取号:H310.42/JY590] 在馆    
唐山师范学院图书馆 欢迎您!
大连网信软件有限公司© 版权所有